Anuario Estadístico de Espaňa 1993

Guardado en:
Detalles Bibliográficos
Formato: Libro
Lenguaje:español
Publicado: Madrid Instituto nacional de estadistica 1994
Materias:
Etiquetas: Agregar Etiqueta
Sin Etiquetas, Sea el primero en etiquetar este registro!

MARC

LEADER 00000nam a2200000 4500
001 c005441
005 20251216070509.4
020 |a 84-260-2869-3 
041 0 |a spa 
044 |a ES 
245 1 0 |a Anuario Estadístico de Espaňa 1993 
264 1 |a Madrid  |b Instituto nacional de estadistica  |c 1994 
300 |a 902 s. 
610 2 0 |a Španielsko